Statistics for Title in the Lyrics - Two songs for (Almost(!)) every letter

Click here to take the quiz!

General Stats

  • This quiz has been taken 25 times
  • The average score is 19 of 52

Answer Stats

HintAnswer% Correct
I bless the rains down in ______, I passed some rains down in ______Africa
90%
Woah, we're half way there / Woah, _____ __ _ ______ / Take my hand, we'll make it I swearLivin' On A Prayer
85%
I wish that I could be like the ____ ____ / 'Cause all the ____ ____, they seem to fit in / I wish that I could be like the ____ ____ / Like the ____ ____Cool Kids
75%
She's up all night 'til the sun / I'm up all night to get some / She's up all night for good fun / I'm up all night to ___ ____Get Lucky
75%
____ __ ____ ___ __, lo-lo-____ __ ____ ___ __ / Touch me like you do, to-to-touch me like you do / What are you waiting for?Love Me Like You Do
75%
Baby, I'm dancing in the dark, with you between my arms / Barefoot on the grass, listenin' to our favorite song / When I saw you in that dress, looking so beautiful / I don't deserve this, darling, you look _______ tonightPerfect
75%
It's fun to stay at the ____ / It's fun to stay at the ____ / They have everything for you men to enjoy / You can hang out with all the boysY. M. C. A.
75%
I wanna lay you down in a ___ __ _____ / For tonight I sleep on a bed of nailsBed Of Roses
70%
Tuesday's grey and Wednesday too / Thursday, I don't care about you / It's ______, __ __ ____Friday I'm In Love
70%
In your head, in your head ______, ______, ______-ie-ie / What's in your head, in your head ______, ______, ______-ie-ie, ohZombie
70%
Karma, karma, karma, karma, _____ _________ / You come and go, you come and goKarma Chameleon
65%
___ _____, in the middle of our street / ___ _____, in the middle of ourOur House
65%
We could've had it all / _______ __ ___ ____ / You had my heart inside your hand / But you played it with a beatingRolling In The Deep
65%
'Cause _____ ____ __ _____, I get this feeling / And every time we kiss I swear I could fly / Can't you feel my heart beat fast, I want this to last / Need you by my sideEvery Time We Touch
60%
____ ___ ________ / Hold on to the feelin'Don't Stop Believin'
55%
And ____ _ __ _____ on my own / Goin' down the only road I've ever known / Like a drifter, I was born to walk alone / And I've made up my mind / I ain't wasting no more timeHere I Go Again
55%
And isn't it _____, don't you think? / It's like rain on your wedding day / It's a free ride when you've already paid / It's the good advice that you just didn't take / And who would've thought? It figuresIronic
55%
She's got it / Yeah baby, she's got it / Well, I'm your :She's got it Yeah baby, she's got it Well, I'm your _____ / I'm your fire / At your desire I'm your fire At your desireVenus
55%
And I find it kinda funny, I find it kinda sad / The dreams in which I'm dying are the best I've ever had / I find it hard to tell you, I find it hard to take / When people run in circles it's a very very / ___ _____, ___ _____Mad World
50%
So we sailed up to the sun / 'Til we found a sea of green / And we lived beneath the waves / In our ______ _________Yellow Submarine
50%
The only one who could ever reach me / Was the ___ __ _ ________ ___/ The only boy who could ever teach me / Was the ___ __ _ ________ ___Son Of A Preacher Man
45%
Cheer up, sleepy Jean / Oh, what can it mean to a / ________ ________ / and a Homecoming queen?Daydream Believer
40%
Oh, ____ __ beneath the milky twilight / Lead me out on the moonlit floor / Lift your open handKiss Me
40%
But I ___ ____ __ ___ ____ / Watched it pour as I touched your face / Well, it burned while I cried 'Cause I heard it screaming / Out your name, Your nameSet Fire To The Rain
40%
___ ____ ____ / Whatever will be will be / The future's not ours to see / ___ ____ ____Que sera sera
35%
And ___ ___ ____ ___ ____ _____? / It is where we are / It's enough for this wide-eyed wandererCan You Feel The Love Tonight
30%
_______ __ _____ / Say you'll love me again / Undo this hurt you caused / When you walked out the doorUnbreak My Heart
30%
Love lift us __ _____ __ ______ / Where the eagles cry / On a mountain highUp Where We Belong
30%
'Cause we only act like children when we argue fuss and fight / __ ___ ____ ____ __ __ ___ (if you don't know me) / You will never never never know me (no you won't)If You Don't Know Me by Now
25%
'Cause _____ __ _____ __ / And he knows I'm right / I've been talking to Jesus all my lifeJesus He Knows Me
25%
Hear me when I say / Hey / It's ______ __ ___ _____ _____ / But you'd better not kill the groveMurder On The Dance Floor
25%
Open up your eyes, then you'll realize here I stand / With my ___________ ____ / Need you by my side, girl you'll be my bride / You'll never be denied ___________ ____Everlasting Love
20%
The music's played by the, the madman / _______ _____ / I want to be _______ _____Forever Young
20%
We are moving from a spark to a flame / I am ____ __ _______, high again / ____ __ _______, your love will find the wayHigh On Emotion
20%
Oh, she's a little _______ / Daddy's girl learned fast / All those things he couldn't say / Ooh, she's a little _______Runaway
20%
And this'll help things turn out for the best / ___ ______ ___ __ ___ _____ ____ __ ____ / ___ ______ ___ __ ___ _____ ____ __ ____ / If life seems jolly rotten / There's something you've forgottenAlways Look On The Bright Side Of Life
15%
_____ ______ where you've come here from / Never pretend that it's all real / Someday soon this will all be someone else's dream / This will be someone else's dreamNever Forget
15%
All I needed was the love you gave / All I needed for another day / And all I ever knew / ____ ___Only You
15%
Beyond the door there's peace I'm sure / And I know there'll be no more ______ __ ______Tears In Heaven
15%
One, ______ ___ ____ / Lay down your arms / Give up the fight / One, ______ ___ ____ / Throw up your arms into the sky / You and ITwenty One Guns
15%
And why can't you ____ ____ __ / And how come it is so hard / And do you like to se me broken / And why do I still care?Just Hold Me
10%
Are you loving the pain, loving the pain? / And with everyday, everyday I try to move on / Whatever it was Whatever it was / There's nothing now / You changed ___ ___New Age
10%
_____ ______ ___ _____ ____ / _____ ______ ___ _____ ____ / Pictures came and broke your heart / Oh, a, a, a, ohVideo Killed The Radio Star
10%
Told you I'm leaving / Can you believe it? / For a second I (_____, _____) / Got lost in the moment / A little unfocused 7 For a second I (came so close to, hey)Almost
5%
Winding your way down on _____ ______ / Light in your head and dead on your feet / Well, another crazy dayBaker Street
5%
'Cause I, I know what you think about me / As if it isn't plain to see we should just let it be / And if it tastes this sweet, then ____ __ ___ Then ____ __ ___Call Me Out
5%
And the public gets what the public wants / But I want nothing this societys got / I'm _____ __________ (_____ __________) / Well the brass bands play and feet start to poundGoing Underground
5%
Are you death or paradise? / Now you'll never see me cry / There's just __ ____ __ ___No Time To Die
5%
Call up, ring once, hang up the phone / To let me know you made it home / Don't want nothing to be wrong with / ____ ____ _____Part Time Lover
5%
Sometimes I wish I could turn back time / Impossible as it may seem / But I wish I could so bad, baby / ____ ______ _____ with my heartQuit Playing Games (With My Heart)
5%
Man you should have seen us / On the way to Venus / _______ __ ___ _____ ___ / It was quite a day hey hey...Walking On The Milky Way
5%
_______ __ ________ ___ ___ / This is your life, you made it this far / Welcome, you got to believe / That right here, right nowWelcome To Whereever You Are
5%

Score Distribution

Percentile by Number Answered

Percent of People with Each Score

Your Score History

You have not taken this quiz